• 首页
  • 本馆介绍
  • 公告通知
  • 最新文献
  • 馆藏检索
  • 电子资源
  • 读者导购
  • 参考咨询
  • 我的图书馆
  • 登录
  • 详细信息显示
  • 放入我的书架
  • 预约/预借图书
  • 作者相关作品
  • 分类相关作品
  • 丛书相关作品
  • 出版社相关作品

书目信息

  • 表格格式
  • 工作单格式
  • 卡片格式
题名:
高岭石插层、剥片及其在橡胶中的应用
    
 
作者: 刘钦甫 著
分册:  
出版信息: 北京   科学出版社  2016.6
页数: 303页
开本: 26cm
丛书名:
单 册:
中图分类: TQ330.5
科图分类:
主题词: 高岭石--应用--橡胶加工--研究
电子资源:
ISBN: 978-7-03-047924-2
000 00916nam0 2200241 450
001 0400004866
005 20171025111311.0
010    @a978-7-03-047924-2@b精装@dCNY158.00
100    @a20160923d2016 em y0chiy50 ea
101 0  @achi
102    @aCN@b110000
105    @aa z 000yy
106    @ar
200 1  @a高岭石插层、剥片及其在橡胶中的应用@9gao ling shi cha ceng、bao pian ji qi zai xiang jiao zhong de ying yong@f刘钦甫等著
210    @a北京@c科学出版社@d2016.6
215    @a303页@c图@d26cm
300    @a国家自然科学基金重点项目资助 国家“863”计划项目资助
330    @a本书以高岭石插层、剥片及其在橡胶复合材料中的应用为核心研究内容,包括高岭土特征及性质、高岭石插层及形貌控制、高岭石插层复合物分子动力学模拟、高岭石剥片等。
606 0  @a高岭石@x应用@x橡胶加工@x研究
690    @aTQ330.5@v5
701  0 @a刘钦甫@9liu qin fu@4著
801  0 @aCN@b91MARC@c20171025
905    @b1039684-7@dTQ330.5@f4@e15
    
    高岭石插层、剥片及其在橡胶中的应用/刘钦甫等著.-北京:科学出版社,2016.6
    303页:图;26cm
    国家自然科学基金重点项目资助 国家“863”计划项目资助
    
    ISBN 978-7-03-047924-2(精装):CNY158.00
    本书以高岭石插层、剥片及其在橡胶复合材料中的应用为核心研究内容,包括高岭土特征及性质、高岭石插层及形貌控制、高岭石插层复合物分子动力学模拟、高岭石剥片等。
●
相关链接 在E读中查询图书 在五车中查询图书 在当当中查询图书 在豆瓣中查询图书


正题名:高岭石插层、剥片及其在橡胶中的应用     索取号:TQ330.5/15         预约/预借

序号 登录号 条形码 馆藏地/架位号 状态 备注
1 1039684   210396846   第二样本阅览室/ [索取号:TQ330.5/15] 在馆    
2 1039685   210396855   密集书库-化学系/ [索取号:TQ330.5/15] 在馆    
3 1039686   210396864   第三借阅区/ [索取号:TQ330.5/15] 在馆    
4 1039687   210396873   第三借阅区/ [索取号:TQ330.5/15] 在馆    
唐山师范学院图书馆 欢迎您!
大连网信软件有限公司© 版权所有